| 000 | 01123nac a22003131i 4500 | ||
|---|---|---|---|
| 003 | EG-ScBUE | ||
| 005 | 20240604100243.0 | ||
| 008 | 240604s2000 mau f b | 001 0 eng d | ||
| 020 | _a9780674002104 | ||
| 020 | _a0674002105 | ||
| 040 |
_aEG-ScBUE _beng _erda _cEG-ScBUE _dEG-ScBUE |
||
| 043 | _ae-ru--- | ||
| 082 | 0 | 4 |
_a947 _bMAL _222 |
| 100 | 1 |
_aMalia, Martin E. _q(Martin Edward) _eauthor. |
|
| 245 | 1 | 0 |
_aRussia under western eyes : _bfrom the Bronze Horseman to the Lenin Mausoleum / _cMartin Malia. |
| 250 | _aSecond printing. | ||
| 264 | 1 |
_aCambridge, Massachusetts : _bThe Belknap Press of Harvard University Press, _c2000. |
|
| 300 |
_axii, 514 pages ; _c25 cm |
||
| 336 |
_2rdacontent _atext _btxt |
||
| 337 |
_aunmediated _2rdamedia _bn |
||
| 338 |
_avolume _bnc _2rdacarrier |
||
| 504 | _aIncludes bibliographical references and index. | ||
| 651 | 7 |
_aRussia _xCivilization. _2BUEsh |
|
| 651 | 7 |
_aSoviet Union _xCivilization. _2BUEsh |
|
| 651 | 7 |
_aRussia _xForeign public opinion. _2BUEsh |
|
| 651 | 7 |
_aSoviet Union _xForeign public opinion. _2BUEsh |
|
| 655 | _vReading book | ||
| 942 |
_cBB _2ddc |
||
| 999 |
_c6187 _d6187 |
||